Manejo de personal y relaciones industriales

Guardat en:
Dades bibliogràfiques
Autor principal: Yoder, Dale (Autor)
Format: Llibre
Idioma:espanyol
Publicat: Ciudad de México Continental 1960
Matèries:
Etiquetes: Afegir etiqueta
Sense etiquetes, Sigues el primer a etiquetar aquest registre!

MARC

LEADER 00000nam a2200000 a 4500
001 UCX8812
003 CL-VaPUC
008 940502e19600000MX |||||||||||||||||spa|d
082 0 4 |a 658.3  |b YOD  |2 21 
100 0 |a Yoder, Dale  |e author  |9 326022 
245 1 0 |a Manejo de personal y relaciones industriales 
300 |a 879 p 
942 |c BK 
945 |d 19940502 00:00:00  |a mfernand 
260 |a Ciudad de México  |b Continental  |c 1960 
650 0 |a Administración del personal  |9 260442 
650 7 |a RELACIONES INDUSTRIALES  |2 CL-VaPUC  |9 326023 
583 |a last modification  |c 19940502 00:00:00  |k Rodrigo Vera 
999 |c 228208  |d 228206